| 000 | 00702cam a2200253 4500500 | ||
|---|---|---|---|
| 005 | 20260405003513.0 | ||
| 041 | _afre | ||
| 042 | _adc | ||
| 100 | 1 | 0 |
_aLacroix, Alexandre _eauthor |
| 245 | 0 | 0 | _aHenri Bergson, le sens de l’image |
| 260 | _c2022. | ||
| 500 | _a7 | ||
| 690 | _aBergson | ||
| 690 | _aCréation | ||
| 690 | _aÉlan vital | ||
| 690 | _aÉvolution | ||
| 690 | _aHenri Bergson | ||
| 690 | _aImage | ||
| 690 | _aIntuition | ||
| 690 | _aPerception | ||
| 690 | _aVitalisme | ||
| 786 | 0 | _nPhilosophie magazine | 159 | 5 | 2022-05-01 | p. 42-42 | 1951-1787 | |
| 856 | 4 | 1 | _uhttps://shs.cairn.info/magazine-philosophie-magazine-2022-5-page-42?lang=fr&redirect-ssocas=7080 |
| 999 |
_c2068161 _d2068161 |
||